000
00315nam a2200133Ia 4500
008
150301s2015 xx 000 0 und d
082
_a
615.7
_b
A11D
100
_a
DINDA, S.C
245
_a
ADVANCS IN PHARMACY TECHNOLOGY
260
_b
PHARMA MED PRESS
300
_a
413
650
_a
PHARMACEUTICS
942
_2
ddc
_c
BK
999
_c
7340
_d
7340